01192nam a22002177a 450000500170000000800410001702000150005804000090007304100080008208200180009010000210010824500220012926000310015130000240018236500220020644000230022852006350025165000420088665000230092870000230095120220408145751.0220408b ||||| |||| 00| 0 eng d a8171676790 cAloy aeng 223a929bMUKA aMonisha Mukundan aAsoka:bThe Great aNew DelhibRupa & Coc2002 a72 p.bHBc16x13 cm b95.00c₹d95.00 aCharitavali Series aOver two thousand years ago, an Indian monarch spoke of the duties of a King. He saw himself as the father of his people, working ceaselessly for their welfare. Then at a time when conquerers were admired, he gave up war and chose the path of peace. There have been few monarchs in the world like Asoka, the Mauryan King who ruled over India's first empire. After a devastating war, he became a Buddhist and spread the words of the Buddha across the land. Then he carved his thoughts on rocks and pillars for posterity. Asoka's wise and compassionate voice speaks to us across the centuries and his words are relevent even today.  aMaurya Dynasty and Ashokas Early Life aAshokas Conversion aMUKUNDAN (Monisha)